The question of government spending: public need and private wants

Guardado en:
Detalles Bibliográficos
Autor principal: Bator, Francis M (Autor)
Formato: Libro
Lenguaje:inglés
Publicado: Nueva York Harper 1960
Materias:
Etiquetas: Agregar Etiqueta
Sin Etiquetas, Sea el primero en etiquetar este registro!

MARC

LEADER 00000nam a2200000 a 4500
001 UCS0825
003 CL-VaPUC
008 970428e19600000US |||||||||||||||||eng|d
082 0 4 |a 330  |b BAT  |2 21 
100 0 |a Bator, Francis M  |e author  |9 384631 
245 1 4 |a The question of government spending: public need and private wants 
300 |a 167 p 
942 |c BK 
945 |d 19970428 00:00:00  |a amoreno 
260 |a Nueva York  |b Harper  |c 1960 
650 7 |a RECURSOS ECONOMICOS  |2 CL-VaPUC  |9 314744 
650 0 |a Política  |9 255312 
650 0 |a Educación  |9 258661 
650 0 |a Gobierno   |9 255508 
583 |a last modification  |c 19970428 00:00:00  |k Rodrigo Vera 
999 |c 258982  |d 258980 
952 |0 0  |1 0  |4 0  |6 330_000000000000000_BAT_1960  |7 0  |8 P  |9 283436  |a BIBGIM  |b BIBGIM  |d 2019-11-19  |i 3281159  |o 330 BAT 1960  |p 3281159  |r 2025-01-15  |w 2019-11-19  |y BK  |k COM